Cities of Countries #3 - Statistics

General Stats
  • This quiz has been taken 29 times
  • The average score is 17 of 20
Answer Stats
Hint Answer % Correct
Toulouse France
100%
Turin Italy
100%
Hiroshima Japan
100%
Auckland New Zealand
100%
Johannesburg South Africa
100%
New York United States
100%
Calgary Canada
96%
Casablanca Morocco
96%
Monterrey Mexico
92%
Montevideo Uruguay
92%
Eindhoven Netherlands
88%
Lviv Ukraine
88%
Santa Fe United States
88%
Windhoek Namibia
84%
Oldenburg Germany
80%
Yangon Burma
68%
Cali Colombia
60%
Maracaibo Venezuela
56%
Kumasi Ghana
40%
Penza Russia
32%
No matching quizzes found
Score Distribution
Percent of People with Each Score
Percentile by Number Answered
Your Score History
You have not taken this quiz